Catalog

Record Details

Catalog Search



V dobrých rukou : rozhovory nad Biblí /  Pavel Hošek ; rozhlasové rozhovory o biblických textech vedl s autorem Petr Vaďura Cover Image Book Book

V dobrých rukou : rozhovory nad Biblí /  Pavel Hošek ; rozhlasové rozhovory o biblických textech vedl s autorem Petr Vaďura

Summary:

Upravený přepis rozhovorů rozhlasového redaktora P. Vaďury s českým evangelickým teologem a religionistou P. Hoškem, který se zamýšlí nad vybranými biblickými texty.

Record details

  • ISBN: 978-80-7429-351-1
  • Physical Description: 266 s. ; 21 cm
  • Edition: Vyd. 1.
  • Publisher: V Praze : Vyšehrad, 2013

Content descriptions

Bibliography, etc. Note:
Obsahuje bibliografické odkazy
Subject: Hošek, Pavel, 1973-
biblické postavy
biblické události
biblická exegeze
biblická interpretace
křesťanská víra
křesťanský život
biblické citáty
evangeličtí duchovní > Česko > 20.-21. stol.
rozhlasové pořady > Česko > 2001-2020
Bible persons
Biblical events
Biblical exegesis
Biblical interpretation
Christian faith
Christian life
Biblical quotations
Evangelical ministers > Czechia > 20th-21st centuries
radio programs > Czechia > 2001-2020
Genre: rozhovory
interviews

Available copies

  • 2 of 2 copies available at Common Catalog SPOK.

Holds

  • 0 current holds with 2 total copies.
Show Only Available Copies
Location Call Number / Copy Notes Barcode Shelving Location Status Due Date
ETS Library 241 424470015501 Volný výběr Available -
ETS Library 241 424470020046 Volný výběr Available -

LDR 02557nam a2200661 a 4500
00141449
003CZ-PrJAB
00520230210121933.0
007ta
008130903s2013 xr e 000 1dcze
015 . ‡acnb002486220
020 . ‡a978-80-7429-351-1 ‡q(váz.) : ‡cKč 298,00
035 . ‡a(CONS)12820
035 . ‡a(CZ PrSKC)nkc20132486220
035 . ‡a(OCoLC)862712982
040 . ‡aOLA001 ‡bcze
043 . ‡ae-xr---
045 . ‡ay0y1
072 7. ‡a2-23/-27 ‡xBible. Biblistika ‡2Konspekt ‡95
082 . ‡a241
1001 . ‡aHošek, Pavel, ‡d1973- ‡7xx0022780 ‡4aut
24510. ‡aV dobrých rukou : rozhovory nad Biblí /  ‡nPavel Hošek ; rozhlasové rozhovory o biblických textech vedl s autorem Petr Vaďura
250 . ‡aVyd. 1.
260 . ‡aV Praze : ‡bVyšehrad, ‡c2013
300 . ‡a266 s. ; ‡c21 cm
4901 . ‡aRozhovory nad Biblí ; ‡vsv. 6
504 . ‡aObsahuje bibliografické odkazy
520 . ‡aUpravený přepis rozhovorů rozhlasového redaktora P. Vaďury s českým evangelickým teologem a religionistou P. Hoškem, který se zamýšlí nad vybranými biblickými texty.
60017. ‡aHošek, Pavel, ‡d1973- ‡7xx0022780 ‡2czenas
648 4. ‡a2005-2012
648 7. ‡a2001-2020 ‡7ch460601 ‡2czenas
648 7. ‡a20.-21. století ‡7ch462155 ‡2czenas
65007. ‡abiblické postavy ‡7ph118857 ‡2czenas
65007. ‡abiblické události ‡7ph138437 ‡2czenas
65007. ‡abiblická exegeze ‡7ph118844 ‡2czenas
65007. ‡abiblická interpretace ‡7ph118847 ‡2czenas
65007. ‡akřesťanská víra ‡7ph122113 ‡2czenas
65007. ‡akřesťanský život ‡7ph122132 ‡2czenas
65007. ‡abiblické citáty ‡7ph118853 ‡2czenas
65007. ‡aevangeličtí duchovní ‡7ph120049 ‡zČesko ‡y20.-21. stol. ‡2czenas
65007. ‡arozhlasové pořady ‡7ph125251 ‡zČesko ‡y2001-2020 ‡2czenas
65009. ‡aBible persons ‡2eczenas
65009. ‡aBiblical events ‡2eczenas
65009. ‡aBiblical exegesis ‡2eczenas
65009. ‡aBiblical interpretation ‡2eczenas
65009. ‡aChristian faith ‡2eczenas
65009. ‡aChristian life ‡2eczenas
65009. ‡aBiblical quotations ‡2eczenas
65009. ‡aEvangelical ministers ‡zCzechia ‡y20th-21st centuries ‡2eczenas
65009. ‡aradio programs ‡zCzechia ‡y2001-2020 ‡2eczenas
655 7. ‡arozhovory ‡7fd133303 ‡2czenas
655 9. ‡ainterviews ‡2eczenas
7001 . ‡aVaďura, Petr, ‡d1962- ‡7xx0060373 ‡4aut
830 0. ‡aRozhovory nad Biblí
8524 . ‡bETS ‡bETS ‡cVolný výběr ‡j241 ‡p424470015501 ‡y$270.00
910 . ‡aABG450
999 . ‡a12820 ‡c12820 ‡tbiblio
905 . ‡uadmin
901 . ‡a41449 ‡b ‡c41449 ‡tbiblio ‡sets

Additional Resources